<?xml version='1.0' encoding='UTF-8'?>
  <record xmlns="http://www.loc.gov/MARC21/slim">
    <leader>00000cam a22000007i 4500</leader>
    <controlfield tag="001">ocm66030338</controlfield>
    <controlfield tag="003">OCoLC</controlfield>
    <controlfield tag="005">20250827150028.7</controlfield>
    <controlfield tag="008">931001s1884    ne            000 0 dut d</controlfield>
    <datafield tag="040" ind1=" " ind2=" ">
      <subfield code="a">NLGGC</subfield>
      <subfield code="b">dut</subfield>
      <subfield code="e">fobidrtb</subfield>
      <subfield code="c">NLGGC</subfield>
      <subfield code="d">OCLCO</subfield>
      <subfield code="d">OCLCL</subfield>
      <subfield code="d">OCLCQ</subfield>
    </datafield>
    <datafield tag="029" ind1="0" ind2=" ">
      <subfield code="a">NLGGC</subfield>
      <subfield code="b">111013429</subfield>
    </datafield>
    <datafield tag="035" ind1=" " ind2=" ">
      <subfield code="a">(OCoLC)66030338</subfield>
    </datafield>
    <datafield tag="100" ind1="1" ind2=" ">
      <subfield code="a">Dathenus, Petrus,</subfield>
      <subfield code="d">ca. 1531-1588.</subfield>
      <subfield code="1">https://id.oclc.org/worldcat/entity/E39PBJdmf64wX7mdjPvrbgQTHC</subfield>
    </datafield>
    <datafield tag="245" ind1="1" ind2="4">
      <subfield code="a">Een christelijke samenspreking uit Gods Woord :</subfield>
      <subfield code="b">dienende tot onderrichting en troost van alle bekommerde harten, die de Wet en het Evangelie, dat is Mozes en Christus, niet recht onderscheidende, zich met den last der zonden en vreeze der verdoemenis bezwaard vinden /</subfield>
      <subfield code="c">door Petrus Dathenus.</subfield>
    </datafield>
    <datafield tag="250" ind1=" " ind2=" ">
      <subfield code="a">[Op nieuw uitg. naar den eersten druk] /</subfield>
      <subfield code="b">door J.I. Doedes ; met een naschrift van den uitgever.</subfield>
    </datafield>
    <datafield tag="260" ind1=" " ind2=" ">
      <subfield code="a">Utrecht :</subfield>
      <subfield code="b">[Kemink],</subfield>
      <subfield code="c">1884.</subfield>
    </datafield>
    <datafield tag="300" ind1=" " ind2=" ">
      <subfield code="a">XIV, 130 p. ;</subfield>
      <subfield code="c">19 cm.</subfield>
    </datafield>
    <datafield tag="336" ind1=" " ind2=" ">
      <subfield code="a">tekst</subfield>
      <subfield code="b">txt</subfield>
      <subfield code="2">rdacontent/dut</subfield>
    </datafield>
    <datafield tag="337" ind1=" " ind2=" ">
      <subfield code="a">zonder medium</subfield>
      <subfield code="b">n</subfield>
      <subfield code="2">rdamedia/dut</subfield>
    </datafield>
    <datafield tag="338" ind1=" " ind2=" ">
      <subfield code="a">band</subfield>
      <subfield code="b">nc</subfield>
      <subfield code="2">rdacarrier/dut</subfield>
    </datafield>
    <datafield tag="500" ind1=" " ind2=" ">
      <subfield code="a">Oorspr. uitg. : Een christelijcke t'samensprekinge uyt Godes Woort ... - 's Graven-Hage : Jansz., 1624.</subfield>
    </datafield>
    <datafield tag="530" ind1=" " ind2=" ">
      <subfield code="a">Ook beschikbaar in microvorm.</subfield>
    </datafield>
    <datafield tag="700" ind1="1" ind2=" ">
      <subfield code="a">Doedes, J.I.</subfield>
      <subfield code="q">(Jacob Isaak),</subfield>
      <subfield code="d">1817-1897.</subfield>
      <subfield code="1">https://id.oclc.org/worldcat/entity/E39PBJtCFYj3KM7dg8DXbPt9Xd</subfield>
    </datafield>
    <datafield tag="758" ind1=" " ind2=" ">
      <subfield code="a">Een christelijke samenspreking uit Gods Woord (Text)</subfield>
      <subfield code="1">https://id.oclc.org/worldcat/entity/E39PD3D7pKMjJbCpvW9GtH9GXm</subfield>
      <subfield code="4">https://id.oclc.org/worldcat/ontology/hasWork</subfield>
    </datafield>
    <datafield tag="936" ind1=" " ind2=" ">
      <subfield code="a">BATCHLOAD</subfield>
    </datafield>
  </record>